Pedestales : (Registro nro. 13934)

Detalles MARC
000 -LEADER
fixed length control field 01208nam a2200289 a 4500
001 - CONTROL NUMBER
control field
003 - CONTROL NUMBER IDENTIFIER
control field DO-SdBNP
005 - DATE AND TIME OF LATEST TRANSACTION
control field 20220112070442.0
008 - FIXED-LENGTH DATA ELEMENTS--GENERAL INFORMATION
fixed length control field 101012s2000 dr ac r 001 s spa d
020 ## - INTERNATIONAL STANDARD BOOK NUMBER
International Standard Book Number 8449926548
040 ## - CATALOGING SOURCE
Original cataloging agency DO-SdBNP
Language of cataloging spa
Transcribing agency BPMSU
082 ## - DEWEY DECIMAL CLASSIFICATION NUMBER
Classification number RD865.44
Item number B171p 2000
Edition number 22
100 1# - MAIN ENTRY--PERSONAL NAME
Personal name Balaguer, Joaquín,
Dates associated with a name 1906-2002
9 (RLIN) 2
245 10 - TITLE STATEMENT
Title Pedestales :
Remainder of title discursos históricos /
Statement of responsibility, etc. Joaquín Balaguer.
260 ## - PUBLICATION, DISTRIBUTION, ETC. (IMPRINT)
Place of publication, distribution, etc. Santo Domingo :
Name of publisher, distributor, etc. Corripío,
Date of publication, distribution, etc. 2000
Place of manufacture
300 ## - PHYSICAL DESCRIPTION
Extent 167 p. :
Other physical details il., retrs. ;
Dimensions 23 cm.
490 0# - SERIES STATEMENT
Series statement Discursos
Volume/sequential designation 6
505 0# - FORMATTED CONTENTS NOTE
Title Invocación a Duarte --
-- José Martí --
-- Simón Bolívar --
-- Benito Juárez --
-- José de San Martín --
-- Juan Pablo Duarte --
-- Fabio Fiallo --
-- Salomé Ureña --
-- Gastón F. Deligne --
-- Pedro Santana.
590 ## - LOCAL NOTE (RLIN)
Local note Inventariado, 2022/VM
650 #4 - SUBJECT ADDED ENTRY--TOPICAL TERM
Topical term or geographic name as entry element Discursos presidenciales
650 #4 - SUBJECT ADDED ENTRY--TOPICAL TERM
Topical term or geographic name as entry element Intelectuales
Geographic subdivision América Latina
General subdivision Ensayos, conferencias, etc.
650 #4 - SUBJECT ADDED ENTRY--TOPICAL TERM
Topical term or geographic name as entry element Libertadores
Geographic subdivision América Latina
General subdivision Ensayos, conferencias, etc.
651 14 - SUBJECT ADDED ENTRY--GEOGRAPHIC NAME
Geographic name República Dominicana
General subdivision Historia
-- Ensayos, conferencias, etc.
651 #4 - SUBJECT ADDED ENTRY--GEOGRAPHIC NAME
Geographic name República Dominicana
General subdivision Presidente(1966-1978: Balaguer
-- Ensayos, conferencias, etc.
910 ## - USER-OPTION DATA (OCLC)
User-option data VMateo V.
942 ## - ADDED ENTRY ELEMENTS (KOHA)
Source of classification or shelving scheme Dewey Decimal Classification
Koha item type Libros
Existencias
Withdrawn status Lost status Source of classification or shelving scheme Damaged status Not for loan Collection code Home library Current library Date acquired Total Checkouts Full call number Barcode Date last seen Price effective from Koha item type Copy number
    Dewey Decimal Classification     Colección Dominicana Biblioteca Pública Metropolitana Salomé Ureña Biblioteca Pública Metropolitana Salomé Ureña 01/12/2022   BPMSU CD RD865.44 B171p 2000 BPMSU22010004 01/12/2022 01/12/2022 Libros  
    Dewey Decimal Classification     Colección Dominicana Biblioteca Pública Metropolitana Salomé Ureña Biblioteca Pública Metropolitana Salomé Ureña 01/12/2022   BPMSU CD RD865.44 B171p 2000 BPMSU22010005 01/12/2022 01/12/2022 Libros e.2
    Dewey Decimal Classification     Colección Dominicana Biblioteca Pública Metropolitana Salomé Ureña Biblioteca Pública Metropolitana Salomé Ureña 01/12/2022   BPMSU CD RD865.44 B171p 2000 BPMSU25110100 11/25/2025 01/12/2022 Libros e.3